| 000 | 00370nam a22001577a 4500 | ||
|---|---|---|---|
| 003 | OSt | ||
| 008 | 230227b |||||||| |||| 00| 0 eng d | ||
| 041 | _aeng | ||
| 082 |
_a378.54 _bSIV/HI |
||
| 100 |
_aSivadasan, V _95406 |
||
| 245 | _aHigher education in India: Politics&Policies | ||
| 250 | _a1st | ||
| 260 |
_aKottayam _bDCBooks _c2019 |
||
| 300 | _a208 | ||
| 942 | _cBK | ||
| 999 |
_c17648 _d17648 |
||